000 00434nam a22001697a 4500
003 UA-OsUOA
001 4607
007 ta
008 20050721b un ||||| |||| 00| 0 ukr d
100 _aКотюк
700 _aК. Б.
942 _cBK
040 _aUA-OsUOA
_cUA-OsUOA
_dUA-OsUOA
245 _aОсобливості авторського стилю англомовних лір.тек.
_bBA Paper
955 _a2
650 7 _2UDC
999 _c290769
_d290769